000 00344nam a2200145Ia 4500
100 _aRamo Simon & others
942 _cBK
654 _aElectronics
245 _aFields and Waves in Communications Electronics 3rd ed
260 _bJohn Wiley
_aSingapore
_c1993
082 _a537
_bRAM
300 _a844
546 _aENGLISH
999 _c30403
_d30403